[Event "BLR-ch 88th"]
[Site "Minsk"]
[Date "2022.01.13"]
[Round "5"]
[White "Lutsko, Igor"]
[Black "Volianuk, Vitaly"]
[Result "0-1"]
[WhiteElo "2311"]
[BlackElo "2224"]
[PlyCount "100"]
[EventDate "2022.01.09"]
[EventType "tourn"]
[EventRounds "11"]
[EventCountry "BLR"]
[EventCategory "6"]
[SourceTitle "CBM 206 Extra"]
[Source "ChessBase"]
[SourceDate "2022.03.31"]
[SourceVersion "1"]
[SourceVersionDate "2022.03.31"]
[SourceQuality "1"]

1. d4 g6 2. e4 Bg7 3. Nf3 d6 4. Bc4 e6 5. Qe2 a6 6. Bb3 Ne7 7. c3 b6 8. Bf4 h6 9. Nbd2 Bb7 10. h3 Nd7 11. Bh2 g5 12. 0-0-0 Ng6 13. Ne1 Qe7 14. Nd3 0-0-0 15. Rhe1 h5 16. Qf1 Bh6 17. Kb1 Nf4 18. Nb4 a5 19. Nc2 Rdg8 20. g3 Ng6 21. f3 g4 22. fxg4 hxg4 23. h4 Nf6 24. Qd3 Qd7 25. Ne3 Bxe3 26. Qxe3 d5 27. e5 Nh5 28. Rf1 Ba6 29. Bc2 Bxf1 30. Rxf1 Ne7 31. Rxf7 Nf5 32. Rxf5 exf5 33. e6 Qe7 34. Bxf5 Nf6 35. c4 Rh5 36. Qd3 Rd8 37. c5 Kb7 38. Nb3 Qe8 39. Bg6 Qxe6 40. Qb5 Qe1+ 41. Nc1 Qb4 42. c6+ Ka7 43. Qf1 Rd6 44. Nd3 Qb5 45. Qd1 Ne4 46. Bxe4 dxe4 47. Nf4 Rf5 48. Bg1 Rxf4 49. gxf4 Rxc6 50. a4 Qd3+ 0-1

[Event "BLR-ch 88th"]
[Site "Minsk"]
[Date "2022.01.11"]
[Round "3"]
[White "Volianuk, Vitaly"]
[Black "Tsaruk, Maksim"]
[Result "0-1"]
[WhiteElo "2224"]
[BlackElo "2347"]
[PlyCount "116"]
[EventDate "2022.01.09"]
[EventType "tourn"]
[EventRounds "11"]
[EventCountry "BLR"]
[EventCategory "6"]
[SourceTitle "CBM 206 Extra"]
[Source "ChessBase"]
[SourceDate "2022.03.31"]
[SourceVersion "1"]
[SourceVersionDate "2022.03.31"]
[SourceQuality "1"]

1. e4 e5 2. Nf3 Nc6 3. Bb5 a6 4. Ba4 Nf6 5. d3 b5 6. Bb3 Be7 7. c3 Bb7 8. 0-0 0-0 9. Re1 d5 10. Bg5 dxe4 11. dxe4 Qxd1 12. Bxd1 Nd7 13. Bxe7 Nxe7 14. Nbd2 Rfd8 15. b4 c5 16. Nb3 c4 17. Na5 Bc6 18. Bc2 f6 19. Red1 Nb6 20. Kf1 Kf7 21. Ke2 Rac8 22. Nd2 Ba8 23. a4 Rb8 24. axb5 axb5 25. f3 Nbc8 26. Nf1 Nd6 27. Ne3 Ne8 28. Ra2 h5 29. Rda1 Nc7 30. Rd1 Ne6 31. g3 h4 32. Raa1 g6 33. Ng2 hxg3 34. hxg3 f5 35. Ke3 Kf6 36. Rxd8 Rxd8 37. Rd1 Rxd1 38. Bxd1 fxe4 39. fxe4 Ng5 40. Bc2 Nc8 41. Nf4 exf4+ 42. gxf4 Ne6 43. f5 g5 44. fxe6 Kxe6 45. Kd4 g4 46. Bd1 g3 47. Bg4+ Kd6 48. Ke3 Nb6 49. Kf3 Na4 50. Kxg3 Nxc3 51. Kf4 Bxe4 52. Ke3 Ke5 53. Bd7 Nd5+ 54. Ke2 Kd4 55. Nc6+ Kc3 56. Na7 Kxb4 57. Nxb5 Nf6 58. Nd6 Bd3+ 0-1

[Event "BLR-ch 88th"]
[Site "Minsk"]
[Date "2022.01.10"]
[Round "2"]
[White "Strybuk, Artsiom I"]
[Black "Volianuk, Vitaly"]
[Result "1-0"]
[WhiteElo "2230"]
[BlackElo "2224"]
[PlyCount "119"]
[EventDate "2022.01.09"]
[EventType "tourn"]
[EventRounds "11"]
[EventCountry "BLR"]
[EventCategory "6"]
[SourceTitle "CBM 206 Extra"]
[Source "ChessBase"]
[SourceDate "2022.03.31"]
[SourceVersion "1"]
[SourceVersionDate "2022.03.31"]
[SourceQuality "1"]

1. d4 g6 2. c4 Bg7 3. Nc3 d6 4. e4 e5 5. Nge2 Nc6 6. Be3 h5 7. h4 Bh6 8. Qd2 Bxe3 9. Qxe3 Nh6 10. f3 Be6 11. d5 Nb4 12. 0-0-0 Bd7 13. a3 Na6 14. b4 Qe7 15. g3 Nb8 16. Kb2 a5 17. Nc1 Kf8 18. Be2 Kg7 19. Nd3 axb4 20. axb4 Na6 21. Ra1 c5 22. b5 Nc7 23. Na4 Rab8 24. Ra3 f5 25. Nb6 Na8 26. Nxd7 Qxd7 27. f4 Nb6 28. Rc1 exf4 29. Nxf4 Rhe8 30. Ne6+ Rxe6 31. dxe6 Qxe6 32. exf5 Qxe3 33. Rxe3 Nxf5 34. Ra3 Nd4 35. Bd3 Re8 36. Ra7 Re7 37. Be4 d5 38. Bxd5 Nxd5 39. cxd5 Nxb5 40. Ra5 Nd6 41. Raxc5 Kf6 42. Rc7 Re5 43. Rf1+ Nf5 44. d6 Rd5 45. d7 Ke7 46. Rxb7 Rxd7 47. Rxd7+ Kxd7 48. Rf3 Ke6 49. Kc3 Kd5 50. Kd2 Ke5 51. Ra3 Ng7 52. Ke3 Nf5+ 53. Kf2 Ng7 54. Ra5+ Kf6 55. Ke3 Ne6 56. Ke4 g5 57. Rf5+ Kg6 58. Re5 gxh4 59. Rxe6+ Kf7 60. Rh6 1-0

[Event "BLR-ch 88th"]
[Site "Minsk"]
[Date "2022.01.09"]
[Round "1"]
[White "Volianuk, Vitaly"]
[Black "Aleksandrov, Aleksej"]
[Result "0-1"]
[WhiteElo "2224"]
[BlackElo "2502"]
[PlyCount "73"]
[EventDate "2022.01.09"]
[EventType "tourn"]
[EventRounds "11"]
[EventCountry "BLR"]
[EventCategory "6"]
[SourceTitle "CBM 206 Extra"]
[Source "ChessBase"]
[SourceDate "2022.03.31"]
[SourceVersion "1"]
[SourceVersionDate "2022.03.31"]
[SourceQuality "1"]

1. g3 d5 2. Nf3 c6 3. Bg2 Bf5 4. c4 e6 5. cxd5 exd5 6. d3 Nf6 7. Qb3 Nbd7 8. Be3 Qc8 9. Nc3 Bd6 10. Rc1 Qb8 11. 0-0 0-0 12. Rfe1 Re8 13. Bd4 h6 14. Nh4 Bh7 15. e4 Bc5 16. Bxc5 Nxc5 17. Qc2 dxe4 18. dxe4 a5 19. Rcd1 b5 20. f3 Qa7 21. Qf2 g5 22. Nf5 Bxf5 23. exf5 Rxe1+ 24. Rxe1 Nd3 25. Qxa7 Rxa7 26. Re2 a4 27. Rd2 Ne5 28. Rd6 b4 29. Nd1 Kg7 30. f4 gxf4 31. gxf4 Nc4 32. Rxc6 Rd7 33. Bf3 Nd2 34. Be2 Nd5 35. f6+ Kg6 36. Bd3+ Kh5 37. Ne3 0-1